Development of education in India / (Record no. 14855)

MARC details
000 -LEADER
fixed length control field 00889nam a22002417a 4500
005 - DATE AND TIME OF LATEST TRANSACTION
control field 20080814124749.0
008 - FIXED-LENGTH DATA ELEMENTS--GENERAL INFORMATION
fixed length control field 080814t xxu||||| |||| 00| 0 eng d
010 ## - LIBRARY OF CONGRESS CONTROL NUMBER
LC control number ENG-90734
020 ## - INTERNATIONAL STANDARD BOOK NUMBER
International Standard Book Number 9788189005238
Terms of availability 175.00
035 ## - SYSTEM CONTROL NUMBER
System control number EN-74267
037 ## - SOURCE OF ACQUISITION
Source of stock number/acquisition DBAD / VEN
040 ## - CATALOGING SOURCE
Original cataloging agency DPL
Language of cataloging ENGLISH
082 ## - DEWEY DECIMAL CLASSIFICATION NUMBER
Classification number 370.954
100 ## - MAIN ENTRY--PERSONAL NAME
Personal name Vats, Anita
245 ## - TITLE STATEMENT
Title Development of education in India /
Statement of responsibility, etc by Anita Vats
260 ## - PUBLICATION, DISTRIBUTION, ETC. (IMPRINT)
Place of publication, distribution, etc New Delhi
Name of publisher, distributor, etc Saurabh publishing House
Date of publication, distribution, etc c2008
300 ## - PHYSICAL DESCRIPTION
Extent vii, 296p.
Dimensions 22 cm.(pbk)
500 ## - GENERAL NOTE
General note includes bibliographical references and index
650 ## - SUBJECT ADDED ENTRY--TOPICAL TERM
Topical term or geographic name as entry element Education
General subdivision History
Geographic subdivision India
942 ## - ADDED ENTRY ELEMENTS (KOHA)
Source of classification or shelving scheme Dewey Decimal Classification
Koha item type English Books
Classification part 370.954
Call number suffix VAT
Holdings
Withdrawn status Lost status Damaged status Not for loan Collection code Home library Current library Date acquired Source of acquisition Cost, normal purchase price Total Checkouts Full call number Barcode Date last seen Cost, replacement price Price effective from Koha item type
      Not For Loan Non-fiction D.B.Act.Division D.B.Act.Division 14/08/2008 DBAD / PUB 175.00   370.954 VAT EN-74267 15/09/2008 175.00 15/09/2008 English Books

© Delhi Public Library
Hit Counter
free hit counter